| 000 | 00404nam a2200169Ia 4500 | ||
|---|---|---|---|
| 003 | 0STCL | ||
| 008 | 150530s9999 xx 000 0 und d | ||
| 040 |
_aSTCL _cSTCL |
||
| 100 | _aSidney; George Koshy; Editor | ||
| 245 | _aPhilip Sidney an apologic for poetrie | ||
| 250 | _aFirst | ||
| 260 |
_bMacmillan _c1978 |
||
| 546 | _aEnglish | ||
| 942 |
_2ddc _cBK |
||
| 999 |
_c60407 _d60407 |
||
| 005 | 20220125171134.0 | ||